| 000 | 00997cam a2200265 i 4500 | ||
|---|---|---|---|
| 003 | SA-RiAUC | ||
| 005 | 20250612055655.0 | ||
| 008 | 250605s2003 su g 000r0 ara c | ||
| 020 | _a9960620379 | ||
| 040 |
_aSA-JeALM _bara _cSA-RiAUC _erda |
||
| 082 | 0 | 4 |
_a810.9 _qSA-RiAUC |
| 090 |
_a810.9 _bق ر ن |
||
| 100 | 1 |
_aالقرني، علي خضران عبد الرحمن، _d1358 هجري- _eمؤلف. |
|
| 245 | 1 | 0 |
_aقراءات عابرة / _cعلي خضران القرني. |
| 250 | _aالطبعة الأولى. | ||
| 264 | 1 |
_aالطائف، السعودية : _bنادي الطائف الأدبي، _c2004 |
|
| 300 |
_a288 صفحة ؛ _c24 سم. |
||
| 336 |
_aنص _btxt _2rdacontent _3كتاب |
||
| 337 |
_aبدون وسيط _bn _2rdamedia |
||
| 338 |
_aمجلد _bnc _2rdacarrier |
||
| 490 | 0 | _aمطبوعات نادي الطائف الأدبي | |
| 650 | 7 |
_aالأدب العربي _xتاريخ ونقد _2aucsh |
|
| 942 |
_2ddc _cBOOK _n0 |
||
| 949 |
_aSA-JeALM _d250605 _umohamedma123 _n1 |
||
| 999 |
_c8874 _d8874 |
||